000
00322nam a22001457a 4500
005
20160628104813.0
008
160628b xxu||||| |||| 00| 0 eng d
041
_a
eng
082
_b
10737
245
_a
Manorama Yearbook 2011
260
_b
Malayala Manorama
300
_a
1030
650
_a
Management
_9
241
942
_c
BK
999
_c
4383
_d
4382